000
00310nam a22001457a 4500
008
210309b ||||| |||| 00| 0 eng d
020
_a
785342321241
041
_a
eng
080
_a
004
082
_a
004
100
_a
28
101
_a
SHKI
245
_a
Customizing Windows XP
_c
Rizzo, J
942
_2
udc
_c
BK
999
_c
56070
_d
56070